000 00569nam a2200229Ia 4500
003 OSt
005 20220924142558.0
006 a|||||r|||| 00| 0
007 ta
008 220923b |||||||| |||| 00| 0 ben d
024 _a302481
037 _cTextual
040 _aARTS
_cARTS
_bben
041 _2ben
_aben
082 _aO157,3N133x, K8
100 _aChakrabarty
245 0 _aShivramer sera galpa
260 _c1968
650 _aBENGALI LITERATURE
942 _hO157,3N133x, K8
_cTEXL
_2CC
999 _c451184
_d451184